Top 100 Strongest Countries - Statistics

General Stats
  • This quiz has been taken 328 times
  • The average score is 73 of 100
Answer Stats
Answer % Correct
United States
99%
Russia
97%
China
96%
India
96%
United Kingdom
96%
France
94%
Japan
92%
Brazil
90%
Germany
90%
South Korea
90%
Canada
88%
Mexico
88%
Spain
88%
Iran
87%
Italy
87%
North Korea
87%
Pakistan
87%
Argentina
86%
Australia
86%
Israel
86%
Sweden
85%
Turkey
85%
Egypt
83%
Norway
83%
Poland
83%
Ukraine
83%
Saudi Arabia
82%
South Africa
82%
Finland
81%
Indonesia
81%
Iraq
81%
Portugal
80%
Greece
79%
Vietnam
79%
Algeria
77%
Austria
77%
Colombia
77%
Nigeria
77%
Thailand
77%
Chile
76%
Romania
76%
Switzerland
76%
Kazakhstan
75%
Morocco
75%
Netherlands
75%
New Zealand
75%
Cuba
74%
Democratic Republic of the Congo
73%
Denmark
73%
Hungary
73%
Oman
73%
Peru
73%
Serbia
73%
Belgium
72%
Venezuela
72%
Czechia
71%
Malaysia
71%
United Arab Emirates
71%
Yemen
71%
Slovakia
70%
Taiwan
70%
Uruguay
70%
Croatia
69%
Syria
69%
Bulgaria
68%
Ethiopia
68%
Libya
68%
Paraguay
68%
Sudan
68%
Bangladesh
67%
Belarus
67%
Ireland
67%
Uzbekistan
67%
Qatar
66%
Cambodia
65%
Myanmar
65%
Armenia
64%
Jordan
64%
Mongolia
64%
Philippines
64%
Azerbaijan
63%
Bolivia
63%
Ecuador
62%
Georgia
62%
Latvia
62%
Lithuania
62%
Turkmenistan
62%
Albania
61%
Kuwait
60%
Singapore
60%
Slovenia
59%
Tunisia
59%
Angola
58%
Kenya
57%
Bahrain
55%
Sri Lanka
55%
Chad
50%
Tanzania
50%
Cameroon
48%
Mozambique
46%
No matching quizzes found
Score Distribution
Percent of People with Each Score
Percentile by Number Answered
Your Score History
You have not taken this quiz